Places in the Shire Quiz Stats

 Plays Quiz not verified by Sporcle

Challenge
Share
Tweet
Embed
Score 0/17 Timer 04:00
0 Plays Today
% Correct
Bag End
92.9%
Hobbiton
92.9%
Brandywine River
92.6%
Buckland
89.4%
Eastfarthing
88.5%
Bywater
86.7%
Bucklebury
86.3%
Green Dragon
84.2%
Bagshot Row
83.3%
% Correct
Crickhollow
80.7%
Tookland
76.7%
Michel Delving
72.3%
Old Forest
68.6%
Longbottom
68%
Westmarch
67%
Hardbottle
57.5%
Woody End
57.2%

You're not logged in!

Compare scores with friends on all Sporcle quizzes.
Join for Free
OR
Log In

You Might Also Like...

Show Comments

Extras

Top Quizzes Today


Score Distribution

Your Account Isn't Verified!

In order to create a playlist on Sporcle, you need to verify the email address you used during registration. Go to your Sporcle Settings to finish the process.

Report this User

Report this user for behavior that violates our Community Guidelines.

Details: